Les joueurs de Chelsea vainqueurs de la ligue des champions en 2012 - Statistiques

Statistiques générales
  • Ce quiz a été pris 363 fois
  • Le résultat moyen est 14 sur 23
Statistiques - réponses
Poste Matchs Joueurs % Correct
G 13 Petr Cech
99%
A 8 Didier Drogba
98%
D 8 John Terry
94%
M 12 Frank Lampard
89%
D 12 Ashley Cole
86%
D 5 Gary Cahill
77%
M 9 Florent Malouda
70%
A 10 Fernando Torres
69%
D 11 David Luiz
68%
M 2 Michael Essien
66%
D 10 Branislav Ivanovic
63%
M 10 Ramires
61%
M 6 John Obi Mikel
57%
M 12 Juan Mata
57%
A 4 Nicolas Anelka
55%
A 7 Salomon Kalou
52%
D 11 José Bosingwa
51%
D 1 Ryan Bertrand
40%
M 11 Raul Meireles
29%
D 3 Alex
26%
D 2 Paulo Ferreira
25%
A 7 Daniel Sturridge
21%
M 3 Oriol Romeu
10%
Aucun quiz correspondant
Distribution des résultats
% des personnes avec chaque résultat
Percentile par nombre de réponses
Votre historique - résultats
Vous n’avez pas pris ce quiz